[Event "VI Open A Carnevale"]
[Site "Viareggio ITA"]
[Date "2001.02.??"]
[Round "3"]
[White "Tosoni, Augusto"]
[Black "Picard, Romain"]
[Result "0-1"]
[WhiteElo "2111"]
[BlackElo "2213"]
[PlyCount "80"]
[EventDate "2001.02.16"]

1. e4 e6 2. d4 d5 3. Nc3 Nf6 4. Bg5 Be7 5. e5 Nfd7 6. Bxe7 Qxe7 7. f4 O-O 8.
Nf3 c5 9. Bd3 f6 10. dxc5 Nc6 11. O-O fxe5 12. Bxh7+ Kxh7 13. Ng5+ Kg8 14. Qh5
Nf6 15. Qh4 e4 16. Kh1 g6 17. Rae1 Nh7 18. Nb5 Bd7 19. Nd6 Nxg5 20. fxg5 Rxf1+
21. Rxf1 Rf8 22. Rf6 Be8 23. c3 b6 24. b4 bxc5 25. bxc5 Ne5 26. Kg1 Nd7 27.
Rxf8+ Qxf8 28. Qf2 Qxf2+ 29. Kxf2 Kf8 30. c6 Nb6 31. c7 Bd7 32. a4 Ke7 33. Nb5
Bxb5 34. axb5 Kd7 35. h4 Kxc7 36. g4 Nd7 37. h5 Nf8 38. Ke3 Kd6 39. c4 dxc4 40.
Kxe4 e5 0-1

[Event "VI Open A Carnevale"]
[Site "Viareggio ITA"]
[Date "2001.02.??"]
[Round "3"]
[White "Vismara, Daniele"]
[Black "Colovic, Aleksandar"]
[Result "0-1"]
[WhiteElo "2231"]
[BlackElo "2421"]
[PlyCount "88"]
[EventDate "2001.02.16"]

1. Nf3 c5 2. c4 Nf6 3. Nc3 e6 4. g3 b6 5. Bg2 Bb7 6. O-O Be7 7. Re1 Ne4 8. Nxe4
Bxe4 9. d3 Bb7 10. d4 cxd4 11. Qxd4 O-O 12. e4 Nc6 13. Qd3 d6 14. b3 a6 15. a4
Ne5 16. Qe2 Nd7 17. Bf4 Nc5 18. Qc2 b5 19. Rad1 bxc4 20. bxc4 Bc6 21. Ra1 e5
22. Bd2 a5 23. Nh4 Bxh4 24. gxh4 Qxh4 25. Re3 g6 26. Rh3 Qg4 27. f3 Qd7 28. Bh6
Rfb8 29. Qf2 Qe7 30. Rf1 Rb3 31. Rd1 Rab8 32. Bf1 Bxa4 33. Qe1 Bd7 34. Rg3 a4
35. Bg5 f6 36. Be3 a3 37. Ra1 Be6 38. Rg2 Bh3 39. Rga2 Bxf1 40. Kxf1 Qe6 41.
Rxa3 Qh3+ 42. Kg1 Qxf3 43. Bxc5 Qg4+ 44. Kf1 dxc5 0-1

[Event "VI Open A Carnevale"]
[Site "Viareggio ITA"]
[Date "2001.02.??"]
[Round "3"]
[White "Vujovic, Milorad"]
[Black "Pieraccini, Riccardo"]
[Result "1-0"]
[WhiteElo "2269"]
[BlackElo "2143"]
[PlyCount "35"]
[EventDate "2001.02.16"]

1. e4 d5 2. exd5 Qxd5 3. Nc3 Qa5 4. Bc4 Nf6 5. Qe2 c6 6. Nf3 Nbd7 7. d4 Nb6 8.
Bb3 Bf5 9. Bd2 Nbd7 10. h3 h6 11. g4 Bh7 12. Ne5 Nxe5 13. dxe5 Nd7 14. Bxf7+
Kxf7 15. e6+ Ke8 16. exd7+ Kxd7 17. O-O-O Re8 18. Bf4+ 1-0

[Event "VI Open A Carnevale"]
[Site "Viareggio ITA"]
[Date "2001.02.??"]
[Round "4"]
[White "Calugi, Francesco"]
[Black "Picard, Clement"]
[Result "0-1"]
[WhiteElo "1798"]
[BlackElo "2143"]
[PlyCount "82"]
[EventDate "2001.02.16"]

1. e4 c5 2. Nf3 Nc6 3. d4 cxd4 4. Nxd4 Nf6 5. Nc3 e5 6. Ndb5 d6 7. Bg5 a6 8.
Na3 Be6 9. Nc4 Rc8 10. Nd5 Bxd5 11. exd5 Ne7 12. Bxf6 gxf6 13. Be2 b5 14. Ne3
f5 15. c3 Bg7 16. a4 f4 17. Nc2 bxa4 18. Bxa6 Rc5 19. Nb4 O-O 20. Rxa4 Kh8 21.
O-O f5 22. Be2 e4 23. Qd2 Be5 24. f3 Rg8 25. Ra7 Ng6 26. Kh1 Qg5 27. Rg1 Nh4
28. Qd1 Rcc8 29. Nc6 Bf6 30. Nd4 Rg6 31. Ne6 Qh6 32. fxe4 fxe4 33. Bh5 Rgg8 34.
Bf7 Be5 35. Bxg8 Rxg8 36. Qe1 Nf5 37. h3 f3 38. Qf2 Ng3+ 39. Kh2 Ne2+ 40. g3
Nxg1 41. Kxg1 Qc1+ 0-1

[Event "VI Open A Carnevale"]
[Site "Viareggio ITA"]
[Date "2001.02.??"]
[Round "4"]
[White "Casarosa, Michele"]
[Black "Tosoni, Augusto"]
[Result "0-1"]
[WhiteElo "1732"]
[BlackElo "2111"]
[PlyCount "47"]
[EventDate "2001.02.16"]

1. e4 c5 2. Nf3 d6 3. d4 cxd4 4. Nxd4 Nf6 5. Nc3 g6 6. Be2 Bg7 7. Nb3 O-O 8. g4
Nc6 9. h4 a5 10. a4 Ne5 11. Rg1 Be6 12. f4 Nc6 13. Be3 Bxb3 14. cxb3 Rc8 15. g5
Nd7 16. h5 Nb4 17. hxg6 hxg6 18. Rc1 Nc5 19. Bc4 e6 20. Rg2 d5 21. Rd2 Qe7 22.
Bxc5 Qxc5 23. Bd3 Qe3+ 24. Ne2 0-1

[Event "VI Open A Carnevale"]
[Site "Viareggio ITA"]
[Date "2001.02.??"]
[Round "4"]
[White "Chilingirova, Pavlina"]
[Black "Efimov, Igor"]
[Result "0-1"]
[WhiteElo "2236"]
[BlackElo "2480"]
[PlyCount "72"]
[EventDate "2001.02.16"]

1. c4 Nf6 2. Nc3 e5 3. d3 c6 4. Nf3 Qc7 5. e4 Bc5 6. Be2 a6 7. O-O d6 8. d4 Ba7
9. Bg5 Nbd7 10. Rc1 O-O 11. h3 Re8 12. dxe5 dxe5 13. b4 h6 14. Bd2 a5 15. a3
axb4 16. axb4 Bd4 17. Bd3 Nf8 18. Ne2 c5 19. Nfxd4 cxd4 20. Ng3 Ng6 21. Nh5
Nxh5 22. Qxh5 Ra3 23. Qe2 Be6 24. Ra1 Rea8 25. Rxa3 Rxa3 26. Rc1 Qd7 27. Kh2
Ra2 28. Qd1 Ra3 29. Qf1 Nh4 30. Ra1 Rb3 31. Rb1 Bxh3 32. Rxb3 Bxg2 33. Qxg2
Nxg2 34. Kxg2 Qg4+ 35. Kh2 Qf3 36. Be1 Qd1 0-1

[Event "VI Open A Carnevale"]
[Site "Viareggio ITA"]
[Date "2001.02.??"]
[Round "4"]
[White "Colovic, Aleksandar"]
[Black "Ausmins, Elmar"]
[Result "1-0"]
[WhiteElo "2421"]
[BlackElo "2335"]
[PlyCount "46"]
[EventDate "2001.02.16"]

1. e4 e5 2. Nf3 Nf6 3. Nxe5 d6 4. Nf3 Nxe4 5. d4 d5 6. Bd3 Be7 7. O-O Nc6 8. c4
Nb4 9. Be2 c6 10. Nc3 Bf5 11. a3 Na6 12. cxd5 Nxc3 13. bxc3 Qxd5 14. Re1 Nc7
15. Ne5 Ne6 16. Bc4 Qa5 17. Qf3 Nxd4 18. Qf4 Qxc3 19. Be3 g5 20. Qxd4 Qxd4 21.
Bxd4 Rf8 22. Nf3 g4 23. Bc5 Be6 1-0

[Event "VI Open A Carnevale"]
[Site "Viareggio ITA"]
[Date "2001.02.??"]
[Round "4"]
[White "Galletti, Armando"]
[Black "Aglietti, Graziano"]
[Result "0-1"]
[WhiteElo "1513"]
[BlackElo "2087"]
[PlyCount "95"]
[EventDate "2001.02.16"]

1. e4 c5 2. Nf3 g6 3. d4 cxd4 4. Nxd4 Bg7 5. c3 Nf6 6. Bd3 O-O 7. O-O Nc6 8.
Be3 Ne5 9. f3 d5 10. Bf4 Nxd3 11. Qxd3 dxe4 12. fxe4 Nh5 13. e5 Nxf4 14. Rxf4
Bxe5 15. Rf1 Qb6 16. Nd2 Rd8 17. Nc4 Bxd4+ 18. Kh1 Qc7 19. cxd4 Be6 20. Ne3 Qd6
21. Rfd1 Bd5 22. Rd2 Rac8 23. b3 e5 24. Nxd5 Qxd5 25. Rad1 exd4 26. h3 Qe5 27.
Qf3 Rc7 28. Kg1 Rcd7 29. Rd3 b5 30. Kf1 Qd5 31. Kf2 h5 32. Qxd5 Rxd5 33. Kf3
Kg7 34. Kf4 g5+ 35. Kf3 f5 36. g4 hxg4+ 37. hxg4 fxg4+ 38. Kxg4 Rh8 39. Re1
Rh4+ 40. Kg3 Kf6 41. Rf1+ Rf5 42. Rfd1 Ke5 43. Re1+ Re4 44. Rc1 Re3+ 45. Rxe3+
dxe3 46. Kg4 Ke4 47. Rc8 Re5 48. a3 0-1

[Event "VI Open A Carnevale"]
[Site "Viareggio ITA"]
[Date "2001.02.??"]
[Round "4"]
[White "Lahiri, Atanu"]
[Black "Fercec, Nenad"]
[Result "1/2-1/2"]
[WhiteElo "2394"]
[BlackElo "2455"]
[PlyCount "77"]
[EventDate "2001.02.16"]

1. d4 Nf6 2. c4 c5 3. d5 e6 4. Nc3 exd5 5. cxd5 d6 6. e4 g6 7. f4 Bg7 8. Bb5+
Nfd7 9. a4 O-O 10. Nf3 Na6 11. O-O Nc7 12. Bc4 a6 13. Re1 b5 14. axb5 Nb6 15.
Bf1 axb5 16. Rxa8 Nbxa8 17. Nxb5 Nxb5 18. Bxb5 Bg4 19. Bc6 Qb6 20. h3 Bxf3 21.
Qxf3 Nc7 22. e5 Nb5 23. Qe4 Nd4 24. exd6 Nf5 25. d7 c4+ 26. Kh2 Qf2 27. Qe2
Qg3+ 28. Kh1 Qh4 29. Qe8 Bf6 30. Bd2 Qf2 31. Bb4 Be7 32. Qxf8+ Kxf8 33. d8=Q+
Kg7 34. Bc3+ Kh6 35. Qe8 Ng3+ 36. Kh2 Bh4 37. Qxf7 Nf1+ 38. Kh1 Ng3+ 39. Kh2
1/2-1/2

[Event "VI Open A Carnevale"]
[Site "Viareggio ITA"]
[Date "2001.02.??"]
[Round "4"]
[White "Miatello, Alberto"]
[Black "Vismara, Daniele"]
[Result "0-1"]
[WhiteElo "1869"]
[BlackElo "2231"]
[PlyCount "54"]
[EventDate "2001.02.16"]

1. e4 c5 2. Nf3 d6 3. d4 cxd4 4. Nxd4 Nf6 5. Nc3 a6 6. Bc4 e6 7. Bb3 Nbd7 8.
Bg5 h6 9. Bxf6 Nxf6 10. Qe2 Qa5 11. O-O-O Qg5+ 12. Kb1 Qxg2 13. Nf5 Qg4 14. f3
Qf4 15. Rhe1 Bd7 16. Ne3 O-O-O 17. Nc4 Kb8 18. e5 Ne8 19. Qf2 d5 20. Qb6 Rc8
21. Rd4 Qxh2 22. Na5 Rc7 23. Rxd5 exd5 24. Bxd5 Qh4 25. a3 Qxe1+ 26. Ka2 Bc5
27. Qb3 Bc8 0-1

[Event "VI Open A Carnevale"]
[Site "Viareggio ITA"]
[Date "2001.02.??"]
[Round "4"]
[White "Nelli, Luca"]
[Black "Carzolio, Luigi"]
[Result "1-0"]
[WhiteElo "2184"]
[BlackElo "1823"]
[PlyCount "63"]
[EventDate "2001.02.16"]

1. c4 Nc6 2. Nc3 e5 3. g3 f5 4. Bg2 Nf6 5. d3 Bb4 6. Bd2 O-O 7. Nf3 d6 8. O-O
Bd7 9. a3 Bxc3 10. Bxc3 Kh8 11. b4 Qe7 12. b5 Nd8 13. a4 Ne6 14. Ne1 Nc5 15.
Nc2 c6 16. Nb4 Rac8 17. Qc2 Qf7 18. bxc6 bxc6 19. d4 exd4 20. Bxd4 Nce4 21. c5
Be6 22. Nd3 Bb3 23. Qb2 Rb8 24. Rfb1 Bc4 25. Qxb8 Rxb8 26. Rxb8+ Ng8 27. cxd6
Bxd3 28. exd3 Nxd6 29. Rab1 Qd7 30. Ra8 Nb5 31. axb5 Qxd4 32. bxc6 1-0

[Event "VI Open A Carnevale"]
[Site "Viareggio ITA"]
[Date "2001.02.??"]
[Round "4"]
[White "Pastorini, Mario"]
[Black "Caposciutti, Maurizio"]
[Result "0-1"]
[WhiteElo "2160"]
[BlackElo "2355"]
[PlyCount "24"]
[EventDate "2001.02.16"]

1. c4 b6 2. Nc3 Bb7 3. e4 e6 4. Nf3 Bb4 5. Qb3 Na6 6. d3 d5 7. exd5 exd5 8. a3
Nc5 9. Qc2 Bxc3+ 10. Qxc3 Qf6 11. Bd2 O-O-O 12. Qxf6 Nxf6 0-1

[Event "VI Open A Carnevale"]
[Site "Viareggio ITA"]
[Date "2001.02.??"]
[Round "4"]
[White "Picard, Romain"]
[Black "Bini, Lorenzo"]
[Result "1/2-1/2"]
[WhiteElo "2213"]
[BlackElo "2054"]
[PlyCount "84"]
[EventDate "2001.02.16"]

1. e4 d6 2. d4 g6 3. Nc3 Bg7 4. f4 c6 5. Be3 Qb6 6. Qd2 Qxb2 7. Rb1 Qa3 8. Bc4
Nf6 9. Nf3 O-O 10. e5 Ng4 11. O-O d5 12. Rb3 Qa5 13. Nxd5 Qd8 14. Nc3 b5 15.
Bd3 Be6 16. Rb2 Nxe3 17. Qxe3 Qa5 18. Ne4 Nd7 19. Nfg5 Bf5 20. Nxh7 Kxh7 21.
Ng5+ Kg8 22. Bxf5 e6 23. Nxe6 Nb6 24. Ng5 gxf5 25. Qh3 Rfd8 26. Qxf5 Rd7 27. e6
Bxd4+ 28. Kh1 fxe6 29. Qxe6+ Kf8 30. Rb3 Re8 31. Qf5+ Ke7 32. Qf7+ Kd8 33. Ne6+
Rxe6 34. Qxe6 Kc7 35. f5 Nd5 36. Qe4 Bf6 37. Rd3 Qxa2 38. Rdd1 a5 39. Qe8 Rg7
40. Qe4 a4 41. c4 Qxc4 42. Qe6 Qc2 1/2-1/2

[Event "VI Open A Carnevale"]
[Site "Viareggio ITA"]
[Date "2001.02.??"]
[Round "4"]
[White "Pieraccini, Carlo Alberto"]
[Black "Guanciale, Orazio"]
[Result "0-1"]
[WhiteElo "1736"]
[BlackElo "2156"]
[PlyCount "74"]
[EventDate "2001.02.16"]

1. d4 f5 2. Bg5 g6 3. e3 Nh6 4. Nd2 Nf7 5. Bh4 Bg7 6. Ngf3 c6 7. c3 d5 8. Bg3
Nd7 9. h4 e5 10. dxe5 Ndxe5 11. Nxe5 Nxe5 12. Bxe5 Bxe5 13. g3 Qb6 14. Qb3 Qc7
15. Qd1 Bxg3 16. fxg3 Qxg3+ 17. Ke2 f4 18. Qe1 Qxe3+ 19. Kd1 Bg4+ 20. Kc2 Bf5+
21. Kb3 d4 22. Rh2 O-O-O 23. Re2 Qd3 24. Re7 Qc2+ 25. Ka3 dxc3 26. Nc4 cxb2 27.
Nxb2 Qc5+ 28. Qb4 Qxb4+ 29. Kxb4 Rhe8 30. Rae1 Rxe7 31. Rxe7 Rd7 32. Re5 Rd2
33. Nc4 Rf2 34. Nd6+ Kd7 35. Nxf5 Rxf1 36. Nd4 f3 37. Kc3 f2 0-1

[Event "VI Open A Carnevale"]
[Site "Viareggio ITA"]
[Date "2001.02.??"]
[Round "4"]
[White "Scalcione, Michelangelo"]
[Black "Minikh, Edouard"]
[Result "1-0"]
[WhiteElo "2177"]
[BlackElo "1816"]
[PlyCount "77"]
[EventDate "2001.02.16"]

1. Nf3 Nf6 2. c4 e6 3. Nc3 d5 4. d4 dxc4 5. Qa4+ Nbd7 6. Qxc4 a6 7. a4 Nb6 8.
Qb3 c5 9. dxc5 Bxc5 10. Bg5 Nbd7 11. e3 h6 12. Bh4 Qa5 13. Be2 Nd5 14. O-O Nxc3
15. bxc3 O-O 16. Rfd1 Ba7 17. Qb4 Qc7 18. Be7 Re8 19. Bd6 Qd8 20. Bd3 Qf6 21.
Be4 Nf8 22. Ne5 Bb8 23. f4 Ba7 24. Bc5 Bxc5 25. Qxc5 g5 26. g3 Kg7 27. Rd6 Ng6
28. Bxg6 fxg6 29. Ng4 Qe7 30. Qe5+ Kg8 31. Nf6+ Kf7 32. Nxe8 Qxe8 33. fxg5 hxg5
34. Rf1+ Ke7 35. Qc5 Bd7 36. Rc6+ Kd8 37. Qxg5+ Qe7 38. Rf8+ Be8 39. Rd6+ 1-0

[Event "VI Open A Carnevale"]
[Site "Viareggio ITA"]
[Date "2001.02.??"]
[Round "4"]
[White "Scivales, Daniel"]
[Black "Vujovic, Milorad"]
[Result "0-1"]
[WhiteElo "1916"]
[BlackElo "2269"]
[PlyCount "76"]
[EventDate "2001.02.16"]

1. Nf3 Nf6 2. d4 g6 3. c4 Bg7 4. Nc3 d6 5. g3 O-O 6. Bg2 c6 7. O-O Qa5 8. e4
Qb4 9. Qb3 Qa5 10. Re1 e5 11. dxe5 dxe5 12. Qc2 Na6 13. a3 Bg4 14. Be3 Be6 15.
b4 Qc7 16. c5 Ng4 17. Bc1 f6 18. h3 Nh6 19. Nd1 Rad8 20. Ne3 Qf7 21. Bf1 Nc7
22. a4 Qd7 23. Kh2 Nf7 24. Bb2 Ng5 25. Nxg5 fxg5 26. Rad1 Qf7 27. Rxd8 Rxd8 28.
Bc4 Rf8 29. Re2 h5 30. Bxe6 Nxe6 31. Nc4 Nd4 32. Bxd4 exd4 33. Qd3 g4 34. e5
Qd5 35. hxg4 Rf3 36. Qe4 Rxf2+ 37. Kg1 Rxe2 38. Qxe2 d3 0-1

[Event "VI Open A Carnevale"]
[Site "Viareggio ITA"]
[Date "2001.02.??"]
[Round "4"]
[White "Sinelnikov, Igor"]
[Black "Frugoli, Francesco"]
[Result "0-1"]
[WhiteElo "2107"]
[BlackElo "1813"]
[PlyCount "110"]
[EventDate "2001.02.16"]

1. e4 e5 2. Nf3 Nf6 3. Nc3 Bb4 4. Bc4 O-O 5. d3 Nc6 6. a4 d6 7. O-O Bxc3 8.
bxc3 Be6 9. Bxe6 fxe6 10. Qe2 Qe8 11. Rb1 Rb8 12. d4 Qh5 13. Re1 h6 14. Qc4 d5
15. exd5 exd5 16. Qe2 Ne4 17. Bd2 Nxd2 18. Qxd2 e4 19. Ne5 Nxe5 20. dxe5 Qxe5
21. f3 Qf5 22. fxe4 dxe4 23. Qe3 b6 24. Qxe4 Qf2+ 25. Kh1 Rbd8 26. Qc4+ Kh8 27.
Qxc7 Rd2 28. Rg1 Kh7 29. Qc4 Rf4 30. Qb5 Rh4 31. Qe5 Rd5 32. Qe6 Rdh5 33. h3
Qg3 34. Rgc1 Rg5 35. Rg1 Rgh5 36. Rgc1 Rxh3+ 37. gxh3 Rxh3+ 38. Qxh3 Qxh3+ 39.
Kg1 Qxc3 40. a5 Qc5+ 41. Kf1 Qxa5 42. c4 Qg5 43. Ke2 h5 44. Rb5 Qg4+ 45. Kd2
Qf4+ 46. Kd1 h4 47. Rd5 h3 48. Rc3 Qg4+ 49. Kc2 Qg2+ 50. Kb3 h2 51. Rc1 g5 52.
Rcd1 Qf3+ 53. Kc2 Qf2+ 54. R5d2 Qf5+ 55. Kc3 Qa5+ 0-1

[Event "VI Open A Carnevale"]
[Site "Viareggio ITA"]
[Date "2001.02.??"]
[Round "5"]
[White "Aglietti, Graziano"]
[Black "Chilingirova, Pavlina"]
[Result "1-0"]
[WhiteElo "2087"]
[BlackElo "2236"]
[PlyCount "76"]
[EventDate "2001.02.16"]

1. e4 c5 2. c3 d6 3. d4 Nf6 4. Bd3 e5 5. d5 a6 6. a4 b6 7. Ne2 Nbd7 8. c4 g6 9.
O-O Bg7 10. Nbc3 Nh5 11. Be3 O-O 12. g4 Nf4 13. Nxf4 exf4 14. Bxf4 Ne5 15. Be2
Qh4 16. Bg3 Qh3 17. f3 h5 18. gxh5 gxh5 19. Rf2 h4 20. Bf4 Qd7 21. Qd2 Ng6 22.
Bh6 Qe7 23. Bxg7 Kxg7 24. Kh1 Rh8 25. Rg1 Kf8 26. f4 Bd7 27. Bg4 Bxg4 28. Rxg4
Qd7 29. Rg5 h3 30. e5 Nh4 31. Qd3 Ng2 32. Qe4 Re8 33. e6 fxe6 34. dxe6 Qxe6 35.
Rf5+ Kg7 36. Rg5+ Kf6 37. Qf3 Qe1+ 38. Rf1 38... Qh4 {...} 1-0

[Event "VI Open A Carnevale"]
[Site "Viareggio ITA"]
[Date "2001.02.??"]
[Round "5"]
[White "Ausmins, Elmar"]
[Black "Nelli, Luca"]
[Result "1-0"]
[WhiteElo "2335"]
[BlackElo "2184"]
[PlyCount "85"]
[EventDate "2001.02.16"]

1. d4 Nf6 2. Nf3 c5 3. d5 b5 4. c4 Bb7 5. Nc3 b4 6. Na4 d6 7. Bg5 Nbd7 8. Qc2
g6 9. e4 Bg7 10. h3 O-O 11. Bd3 Nb6 12. O-O Nfd7 13. Rab1 Ne5 14. Nxe5 Bxe5 15.
Bh6 Re8 16. f4 Bd4+ 17. Kh1 Qd7 18. b3 Nxa4 19. bxa4 Bg7 20. Bxg7 Kxg7 21. f5
g5 22. f6+ exf6 23. Rf3 Re5 24. Rbf1 Qe7 25. Rxf6 Qxf6 26. Rxf6 Kxf6 27. a5 a6
28. Qa4 Ke7 29. a3 bxa3 30. Qxa3 Bc8 31. Qb2 h5 32. Qb6 Bd7 33. Qb7 Rd8 34.
Qxa6 f5 35. exf5 Bxf5 36. Bxf5 Rxf5 37. Qb7+ Rd7 38. Qb1 Kf6 39. a6 Re5 40. Qb8
Ree7 41. a7 Rxa7 42. Qxd6+ Kf5 43. Kh2 1-0

[Event "VI Open A Carnevale"]
[Site "Viareggio ITA"]
[Date "2001.02.??"]
[Round "5"]
[White "Bardi, Massimo"]
[Black "Pastorini, Mario"]
[Result "0-1"]
[WhiteElo "1761"]
[BlackElo "2160"]
[PlyCount "78"]
[EventDate "2001.02.16"]

1. e4 c5 2. Nf3 e6 3. g3 Nc6 4. Bg2 d6 5. O-O Nf6 6. Re1 Be7 7. d4 cxd4 8. Nxd4
Nxd4 9. Qxd4 O-O 10. c4 Nd7 11. Nc3 a6 12. Be3 Qc7 13. Rad1 Rd8 14. b3 b6 15.
Na4 Rb8 16. Rd2 Nc5 17. Nb2 Bb7 18. Qc3 Bf6 19. Bd4 e5 20. Be3 Bxe4 21. Bxc5
Bxg2 22. Bxb6 Rxb6 23. Kxg2 d5 24. Qa5 d4 25. f3 Qc6 26. Na4 Rbb8 27. Rd3 Re8
28. Qc5 Qb7 29. Re4 g6 30. Qd6 Bg7 31. Nc5 Qa7 32. Nd7 Rbd8 33. Nf6+ Kh8 34.
Rxe5 Rxd6 35. Rxe8+ Bf8 36. Rxf8+ Kg7 37. Ne8+ Kxf8 38. Nxd6 f5 39. b4 Qb6 0-1

[Event "VI Open A Carnevale"]
[Site "Viareggio ITA"]
[Date "2001.02.??"]
[Round "5"]
[White "Brizzi, Carlo Alberto"]
[Black "Bondielli, Giorgio"]
[Result "0-1"]
[WhiteElo "1606"]
[BlackElo "1969"]
[PlyCount "38"]
[EventDate "2001.02.16"]

1. Nf3 f5 2. d3 Nf6 3. e4 d6 4. e5 dxe5 5. Nxe5 Nbd7 6. f4 e6 7. Be2 Bc5 8. d4
Nxe5 9. fxe5 Ne4 10. dxc5 Qh4+ 11. g3 Nxg3 12. hxg3 Qxh1+ 13. Bf1 Bd7 14. Qe2
O-O-O 15. Nc3 Bc6 16. Bd2 Rd7 17. Nd1 Bf3 18. Qc4 Rd5 19. Nf2 Rxe5+ 0-1

[Event "VI Open A Carnevale"]
[Site "Viareggio ITA"]
[Date "2001.02.??"]
[Round "5"]
[White "Caposciutti, Maurizio"]
[Black "Aleksic, Nenad"]
[Result "1/2-1/2"]
[WhiteElo "2355"]
[BlackElo "2417"]
[PlyCount "38"]
[EventDate "2001.02.16"]

1. Nf3 Nf6 2. c4 b6 3. g3 Bb7 4. Bg2 g6 5. b3 Bg7 6. Bb2 O-O 7. O-O c5 8. Nc3
d5 9. Nxd5 Nxd5 10. Bxg7 Kxg7 11. cxd5 Bxd5 12. d4 Nd7 13. dxc5 Nxc5 14. Qd4+
Kg8 15. Rfd1 Bxf3 16. Bxf3 Qxd4 17. Rxd4 Rad8 18. Rad1 Rxd4 19. Rxd4 a5 1/2-1/2

[Event "VI Open A Carnevale"]
[Site "Viareggio ITA"]
[Date "2001.02.??"]
[Round "5"]
[White "Efimov, Igor"]
[Black "Lahiri, Atanu"]
[Result "1/2-1/2"]
[WhiteElo "2480"]
[BlackElo "2394"]
[PlyCount "88"]
[EventDate "2001.02.16"]

1. d4 e6 2. c4 Nf6 3. Nf3 d5 4. Nc3 dxc4 5. e3 a6 6. a4 c5 7. Bxc4 Nc6 8. O-O
Be7 9. Qe2 cxd4 10. Rd1 e5 11. exd4 exd4 12. Nxd4 Nxd4 13. Qe5 O-O 14. Rxd4 Qb6
15. a5 Qc5 16. Bf4 Qxe5 17. Bxe5 Be6 18. Bxe6 fxe6 19. Rd2 Rfd8 20. Re2 Rac8
21. h3 Kf7 22. Ra4 Rd7 23. g4 h6 24. h4 Rc5 25. Kg2 Bd8 26. Rf4 Rxe5 27. Rxe5
Bc7 28. Ree4 Ke7 29. Rc4 Bxf4 30. Rxf4 Nd5 31. Nxd5+ Rxd5 32. Rb4 Rxa5 33.
Rxb7+ Kf6 34. Kg3 Rd5 35. f3 Rd6 36. Kf4 g5+ 37. Kg3 gxh4+ 38. Kxh4 Kg6 39. Kg3
e5 40. Kf2 h5 41. Ke3 hxg4 42. fxg4 Rd4 43. Rb6+ Kg5 44. Rxa6 Rxg4 1/2-1/2

[Event "VI Open A Carnevale"]
[Site "Viareggio ITA"]
[Date "2001.02.??"]
[Round "5"]
[White "Fercec, Nenad"]
[Black "Colovic, Aleksandar"]
[Result "1/2-1/2"]
[WhiteElo "2455"]
[BlackElo "2421"]
[PlyCount "47"]
[EventDate "2001.02.16"]

1. e4 c5 2. Nf3 d6 3. d4 cxd4 4. Nxd4 Nf6 5. Nc3 a6 6. Bg5 e6 7. f4 Qb6 8. Nb3
Nbd7 9. Qf3 Be7 10. O-O-O Qc7 11. g4 b5 12. Bxf6 Nxf6 13. g5 Nd7 14. a3 Rb8 15.
h4 b4 16. axb4 Rxb4 17. Rd4 Rxd4 18. Nxd4 Qb6 19. Qd1 Bb7 20. Bc4 Qb4 21. Ba2
Nb6 22. Rh3 Nc4 23. Bb3 O-O 24. f5 1/2-1/2

[Event "VI Open A Carnevale"]
[Site "Viareggio ITA"]
[Date "2001.02.??"]
[Round "5"]
[White "Frugoli, Francesco"]
[Black "Picard, Romain"]
[Result "0-1"]
[WhiteElo "1813"]
[BlackElo "2213"]
[PlyCount "66"]
[EventDate "2001.02.16"]

1. e4 e6 2. d4 d5 3. exd5 exd5 4. Bd3 Bd6 5. Nf3 Ne7 6. O-O O-O 7. Bg5 f6 8.
Bh4 Nf5 9. Nc3 c6 10. Re1 Na6 11. Ne2 Re8 12. Qd2 Nb4 13. Ng3 Nxd3 14. Qxd3
Nxh4 15. Nxh4 Bf8 16. Ngf5 Be6 17. Re3 Bf7 18. Rg3 Kh8 19. Rh3 g5 20. Nh6 Bxh6
21. Nf5 Bg6 22. Rxh6 Qd7 23. g4 Re4 24. h3 Rf4 25. Re1 Bxf5 26. gxf5 Kg7 27.
Rh5 Rxf5 28. Re7+ Qxe7 29. Qxf5 h6 30. f4 Qe1+ 31. Kg2 Re8 32. Rxh6 Re2+ 33.
Kf3 Re3+ 0-1

[Event "VI Open A Carnevale"]
[Site "Viareggio ITA"]
[Date "2001.02.??"]
[Round "5"]
[White "Guanciale, Orazio"]
[Black "Corvi, Marco"]
[Result "1-0"]
[WhiteElo "2156"]
[BlackElo "2326"]
[PlyCount "121"]
[EventDate "2001.02.16"]

1. d4 f5 2. Nc3 d5 3. Bf4 Nf6 4. e3 e6 5. Nb5 Na6 6. c4 c6 7. Nc3 Nb8 8. c5 Be7
9. Nf3 O-O 10. Bd3 b6 11. b4 Ne4 12. Qc2 a5 13. Bxb8 Rxb8 14. a3 bxc5 15. bxc5
Bf6 16. O-O g5 17. Ne2 Bd7 18. Ne5 Bxe5 19. dxe5 g4 20. Kh1 Qe7 21. Rac1 Qg7
22. f3 Ng5 23. f4 Nf7 24. Qc3 a4 25. Rb1 Rfe8 26. Rb4 Rxb4 27. axb4 Ra8 28. Ra1
Nd8 29. Bc2 Be8 30. g3 Qb7 31. Kg2 Kf8 32. Kf2 Ra7 33. Rxa4 Rxa4 34. Bxa4 Qa6
35. Bb3 Qa3 36. Nc1 Ke7 37. Nd3 Bd7 38. Qb2 Qa6 39. Ke2 Bc8 40. Qa2 Qb5 41. Qa4
Ba6 42. Qxb5 cxb5 43. Kd2 Nc6 44. Kc3 Na7 45. Nc1 Bb7 46. Bc2 Bc6 47. Nb3 Be8
48. Bd3 Bd7 49. Na5 Be8 50. c6 Nxc6 51. Bxb5 Nxa5 52. Bxe8 Nc4 53. Bb5 Nxe3 54.
Kd2 d4 55. Be2 Nd5 56. b5 Nb4 57. Bc4 Kd7 58. b6 d3 59. b7 Kc7 60. Bxe6 Kxb7
61. Bxf5 1-0

[Event "VI Open A Carnevale"]
[Site "Viareggio ITA"]
[Date "2001.02.??"]
[Round "5"]
[White "Lasio, Millo"]
[Black "Pircher, Karl"]
[Result "1-0"]
[WhiteElo "1809"]
[BlackElo "2041"]
[PlyCount "91"]
[EventDate "2001.02.16"]

1. d4 d5 2. e3 Bf5 3. Bd3 Bxd3 4. Qxd3 c6 5. f4 Nf6 6. Nd2 e6 7. Ngf3 Be7 8.
Ne5 Nbd7 9. O-O Nxe5 10. fxe5 Nd7 11. Rf3 Qc7 12. a4 f6 13. Rh3 f5 14. c4 g6
15. a5 O-O-O 16. c5 a6 17. b4 h5 18. Ba3 Kb8 19. Rf3 g5 20. Rff1 Nf8 21. Ra2
Ng6 22. Rfa1 Qd7 23. b5 cxb5 24. c6 bxc6 25. Bxe7 Nxe7 26. Nb3 Qa7 27. Nc5 Rh6
28. Rc1 Rc8 29. Qa3 Rc7 30. Rac2 Rg6 31. Rf1 Qa8 32. Rcf2 Ka7 33. Qb4 Qb8 34.
Rb1 Nc8 35. Rc2 g4 36. Rbc1 Ne7 37. Nd3 Rb7 38. Qc5+ Ka8 39. Nb4 g3 40. h3 Qa7
41. Qd6 f4 42. Nxc6 Nxc6 43. Rxc6 fxe3 44. Rxa6 Rg8 45. Rxa7+ Kxa7 46. Rc6 1-0

[Event "VI Open A Carnevale"]
[Site "Viareggio ITA"]
[Date "2001.02.??"]
[Round "5"]
[White "Picard, Clement"]
[Black "Federico, Giancarlo"]
[Result "1-0"]
[WhiteElo "2143"]
[BlackElo "1812"]
[PlyCount "59"]
[EventDate "2001.02.16"]

1. e4 e6 2. d4 d5 3. Nd2 Nf6 4. e5 Nfd7 5. f4 c5 6. c3 Nc6 7. Ndf3 cxd4 8. cxd4
Qb6 9. Ne2 f6 10. a3 Be7 11. h4 O-O 12. Rh3 a6 13. b3 Qa7 14. Be3 Na5 15. Neg1
b5 16. Bd3 Bb7 17. Ng5 fxg5 18. Bxh7+ Kxh7 19. Qh5+ Kg8 20. hxg5 Rf5 21. g4
Raf8 22. Qh7+ Kf7 23. gxf5 exf5 24. g6+ Ke8 25. Qxg7 Qb6 26. Rh7 Qe6 27. Nf3
Nc6 28. Kd2 Kd8 29. Qh6 Qg8 30. g7 1-0

[Event "VI Open A Carnevale"]
[Site "Viareggio ITA"]
[Date "2001.02.??"]
[Round "5"]
[White "Riccio, Eros"]
[Black "Ambrosi, Arcangelo"]
[Result "1-0"]
[WhiteElo "2194"]
[BlackElo "1872"]
[PlyCount "101"]
[EventDate "2001.02.16"]

1. e4 d5 2. exd5 Nf6 3. d4 Nxd5 4. Nf3 Bg4 5. Be2 e6 6. c4 Bb4+ 7. Bd2 Bxd2+ 8.
Qxd2 Nf6 9. Nc3 c6 10. O-O O-O 11. Rad1 Qa5 12. Ne5 Bxe2 13. Qxe2 Nbd7 14. Rd3
Rfd8 15. Rfd1 Nf8 16. a3 Qc7 17. c5 Ng6 18. Nxg6 hxg6 19. Ne4 Nxe4 20. Qxe4 Rd5
21. f4 Rad8 22. Kf2 b6 23. b4 bxc5 24. bxc5 Rf5 25. Ke3 Rb8 26. g3 Rd5 27. h4
Rb2 28. R1d2 Qb8 29. Qg2 Rb1 30. Qe2 a5 31. Rd1 Rb2 32. R1d2 Rb7 33. Rc3 f6 34.
Qa6 Qc7 35. Rcd3 g5 36. hxg5 fxg5 37. Rf2 g4 38. Qc4 Qf7 39. Qa6 Qc7 40. Qc4
Qf7 41. Qc2 Rh5 42. Rd1 Rh3 43. Rg1 e5 44. dxe5 Rb3+ 45. Ke2 Rxa3 46. Rb1 g6
47. Rb8+ Kh7 48. f5 Ra2 49. fxg6+ Qxg6 50. Rb7+ Kh6 51. Qxa2 1-0